| 000 | 01079nam a2200265Ia 4500 | ||
|---|---|---|---|
| 003 | GCL | ||
| 008 | 140319s9999 xx 000 0 ara d | ||
| 040 |
_aGCL / _cGCL |
||
| 082 | 0 | 4 |
_a956.509 _bل س |
| 100 | 1 | _aحصيف عبدالغنى | |
| 245 | 1 | 0 |
_aسورية فى عهدة الجنرال الاسد / _cحصيف عبدالغنى |
| 700 | 1 | _aلوجاك، دانييل | |
| 250 | _aالاولى | ||
| 260 |
_aالقاهرة : _bمكتبة مدبولى ، _c2006 |
||
| 300 |
_a318 ص ؛ _c19 سم |
||
| 650 | 0 | 4 | _aسوريا - الاحزاب السياسية |
| 650 | 0 | 4 | _aالنزاع العربى الاسرائيلى - سوريا |
| 650 | 0 | 4 | _aسوريا - تاريخ - العصر الحديث - حافظ الأسد |
| 650 | 0 | 4 | _aسوريا - الاحوال السياسية - حافظ الأسد |
| 650 | 0 | 4 | _aسوريا - الاحوال الريفية |
| 650 | 0 | 4 | _aالزراعة - سوريا |
| 650 | 0 | 4 | _aالقضية الفلسطينية - سوريا |
| 650 | 0 | 4 | _aسوريا - العلاقات الخارجية - حافظ الأسد |
| 942 |
_2ddc _cBK |
||
| 999 |
_c9490 _d9490 |
||